Science technology and society (Record no. 8682)

MARC details
000 -LEADER
fixed length control field 00780nam a22002417a 4500
003 - CONTROL NUMBER IDENTIFIER
control field OSt
005 - DATE AND TIME OF LATEST TRANSACTION
control field 20260306034655.0
008 - FIXED-LENGTH DATA ELEMENTS--GENERAL INFORMATION
fixed length control field 260306b |||||||| |||| 00| 0 eng d
020 ## - INTERNATIONAL STANDARD BOOK NUMBER
International Standard Book Number 978-621-418-425-6
040 ## - CATALOGING SOURCE
Original cataloging agency DWCL-Main lib
Transcribing agency OC
082 ## - DEWEY DECIMAL CLASSIFICATION NUMBER
Classification number Fil. 500 S416 2026
100 ## - MAIN ENTRY--PERSONAL NAME
Personal name Legaspi, Gideon A.
245 ## - TITLE STATEMENT
Title Science technology and society
Statement of responsibility, etc. Gideon A. Legaspi
260 ## - PUBLICATION, DISTRIBUTION, ETC.
Place of publication, distribution, etc. Quezon City, Philippines:
Name of publisher, distributor, etc. Wiseman's Books Trading, Inc.,
Date of publication, distribution, etc. c2026.
300 ## - PHYSICAL DESCRIPTION
Extent v, 239 pages:
Other physical details illustrations;
Dimensions 23 cm.
504 ## - BIBLIOGRAPHY, ETC. NOTE
Bibliography, etc. note Includes bibliographical references.
650 ## - SUBJECT ADDED ENTRY--TOPICAL TERM
Topical term or geographic name entry element 1. Science--Social aspects.
650 ## - SUBJECT ADDED ENTRY--TOPICAL TERM
Topical term or geographic name entry element 2. Technology--Social aspects.
700 ## - ADDED ENTRY--PERSONAL NAME
Personal name Lani C. Antonio
700 ## - ADDED ENTRY--PERSONAL NAME
Personal name Ma. Jeanette U. Obias
700 ## - ADDED ENTRY--PERSONAL NAME
Personal name Lucy A. Magleo
942 ## - ADDED ENTRY ELEMENTS (KOHA)
Source of classification or shelving scheme Dewey Decimal Classification
Koha item type Book-Filipiniana
Call number prefix Fil.
Suppress in OPAC No
952 ## - LOCATION AND ITEM INFORMATION (KOHA)
--
Holdings
Withdrawn status Lost status Source of classification or shelving scheme Damaged status Not for loan Home library Current library Shelving location Date acquired Source of acquisition Cost, normal purchase price Total Checkouts Full call number Barcode Date last seen Copy number Price effective from Koha item type Uniform Resource Identifier
    Dewey Decimal Classification     College Library College Library Filipiniana 01/24/2026 School Fund 498.00   Fil. 500 S416 2026 CL 54625 03/06/2026 c1 03/06/2026 BK - FIL